000 00737nam a2200217Ia 4500
003 GCL
005 20240530103701.0
008 140319s9999 xx 000 0 ara d
040 _aGCL /
_cGCL
082 0 4 _a001.6424
_bم ح
100 1 _aعلاء الدين محمد فهمى
245 1 0 _aالحاسب وتطبيقات نظم ادارة قواعد البيانات /
_cعلاء الدين محمد فهمى
260 _a[S.N] :
_bكتب دلتا
300 _a480
490 _aمجموعة كتب دلتا
_v0
650 0 4 _aالحاسبات الالكترونية
650 0 4 _aقواعد البيانات
700 1 _aمصطفى رضا عبدالوهاب
700 1 _aمحمد على الشرقاوى
942 _2ddc
_cBK
999 _c41659
_d41659